| 000 | 00632nam a22001817a 4500 | ||
|---|---|---|---|
| 999 |
_c18480 _d18480 |
||
| 008 | 231121b ||||| |||| 00| 0 eng d | ||
| 020 | _a9788196050108 | ||
| 082 |
_22023 _aDC 629.2504 _bSa218 |
||
| 100 |
_aSaini, Devang. _950149 |
||
| 245 |
_aDiesel engine testing and performance / _cDevang Saini. |
||
| 250 | _a1st Edition. | ||
| 260 |
_aNew Delhi (India) : _bRandom publications llp, _c©2023 |
||
| 300 |
_ax, 284 pages : _billustrations ; _c24 cm. |
||
| 500 | _aIncludes bibliography and index. | ||
| 650 |
_aAutomobiles _xMotors _xModification. _950158 |
||
| 650 |
_aAutomobiles _xPerformance. _950159 |
||
| 942 |
_2ddc _cDC |
||